| 000 | 00618nam a2200157Ia 4500 | ||
|---|---|---|---|
| 008 | 170221s9999 xx 000 0 und d | ||
| 100 | _aSohr-Preston, Sara L. | ||
| 245 | _aBlogging about Family Building (Infertility, Pregnancy Loss, Adoption, Pregnancy, Trying to Conceive): Content and Blogging Motivations | ||
| 245 | _cSara L. Sohr-Preston, Alyssa Lacour, Tyler Brent, Timothy Dugas, Lauren Jordan. | ||
| 260 | _bStudies in Media and Communication | ||
| 260 | _c2016 | ||
| 300 | _a4 : 1 | ||
| 650 | _xCommunication | ||
| 650 | _xMedia Arts | ||
| 856 | _uhttp://redfame.com/journal/index.php/smc/issue/view/58 | ||
| 999 |
_c306767 _d306767 |
||